000 00550nam a22001697a 4500
003 BD-ChCU
005 20260512123046.0
008 260512b bg ||||| |||| 00| 0 ben d
040 _cBD-ChCU
082 _a589.41 TRI
100 _aTrono, Gavino C, and Ganzon-Fortes, E. T.
_922842
245 _aAn illustrated seaweed flore of Calatagan, batangas, philippines.//
_cTrono, Gavino C, and Ganzon-Fortes, E. T.
260 _aManila
_bUniversity of philippines.
_c1980
300 _aiii, 114p
650 0 _aMarine Plants.
_922844
942 _2ddc
_cBK
_n0
999 _c112906
_d112906